BIBLIOTECA PODER JUDICIAL
Portal Judicial TDF

Agravantes del robo : (Registro nro. 6088)

000 -LEADER
fixed length control field 01143nab a22002177a 4500
003 - CONTROL NUMBER IDENTIFIER
control field OSt
005 - DATE AND TIME OF LATEST TRANSACTION
control field 20260121200929.0
008 - FIXED-LENGTH DATA ELEMENTS--GENERAL INFORMATION
fixed length control field 190502c xxu||||| |||| 00| 0 spa d
040 ## - CATALOGING SOURCE
Transcribing agency PJ
100 ## - MAIN ENTRY--PERSONAL NAME
9 (RLIN) 6862
Personal name Fondevila, Felipe M.
245 10 - TITLE STATEMENT
Title Agravantes del robo :
Remainder of title robo calificado por el resultado de lesiones, con armas, en despoblado, en banda y perpetrado con perforación o fractura /
Statement of responsibility, etc Felipe M. Fondevila.
260 ## - PUBLICATION, DISTRIBUTION, ETC. (IMPRINT)
Place of publication, distribution, etc Ciudad Autónoma de Buenos Aires :
Name of publisher, distributor, etc Thomson Reuters La Ley,
Date of publication, distribution, etc 2024.
300 ## - PHYSICAL DESCRIPTION
Extent p. 23-39
505 ## - FORMATTED CONTENTS NOTE
Formatted contents note Sumario: I. Robo calificado por el resultado de lesiones.— II. Robo agravado por el uso de armas.— III. Robo en despoblado.— IV. Robo en banda.— V. Robo perpetrado con perforación o fractura en un lugar habitado o sus dependencias inmediatas.<br/><br/>
505 ## - FORMATTED CONTENTS NOTE
Title ¿Te interesa el texto completo? Solicitalo al correo: koha@justierradelfuego.gov.ar
650 #0 - SUBJECT ADDED ENTRY--TOPICAL TERM
9 (RLIN) 343
Topical term or geographic name as entry element DERECHO PENAL
650 #0 - SUBJECT ADDED ENTRY--TOPICAL TERM
9 (RLIN) 3183
Topical term or geographic name as entry element ROBO
650 #0 - SUBJECT ADDED ENTRY--TOPICAL TERM
9 (RLIN) 3144
Topical term or geographic name as entry element ROBO CALIFICADO
773 0# - HOST ITEM ENTRY
Host Biblionumber 2729
Host Itemnumber 3180
Place, publisher, and date of publication Buenos Aires : LexisNexis, 2006-
Title Revista de derecho penal y procesal penal. Nº 8 - Agosto 2024
International Standard Book Number 9875920622
942 ## - ADDED ENTRY ELEMENTS (KOHA)
Source of classification or shelving scheme
Koha item type Analítica Artículo de Revista

No hay ítems disponibles.

12 de Octubre 789 Ushuaia - Tel:  54(02901)441571
Horario de Atención: 8.00 a 17.00 hs. 
bibliotecaush@justierradelfuego.gov.ar
koha@justierradelfuego.gov.ar
Seguinos en nuestras redes @bibliojustdf 

Con tecnología Koha